000 00383nam a22001577a 4500
003 MPLRDC
005 20220104144450.0
008 210129b ||||| |||| 00| 0 eng d
082 _a859.61 MYL
100 _a马允伦编著
245 _a古代名将的故事
_c
260 _a
_b辽宁人民出版社
_c1980
300 _b
650 _a人物故事
942 _cBK
_o859.61 MYL
999 _c49878
_d49868